Vzory smluv v podnikání a obchodě

Salvato in:
Dettagli Bibliografici
Autore principale: Nemeth, Věslav
Altri autori: Pohl, Tomáš
Natura: Libro
Lingua:ceco
Pubblicazione: Ostrava-Poruba Sagit 1992
Edizione:1. vyd.
Soggetti:
Tags: Aggiungi Tag
Nessun Tag, puoi essere il primo ad aggiungerne!!

MARC

LEADER 00000nam a2200000 4500
001 c000874
005 20221214090954.1
020 |a 80-901215-0-0 
041 0 |a cze 
044 |a CZ 
245 1 0 |a Vzory smluv v podnikání a obchodě  |c Věslav Nemeth, Tomáš Pohl 
250 |a 1. vyd. 
264 1 |a Ostrava-Poruba  |b Sagit  |c 1992 
300 |a 107 s. 
610 2 0 |a podnikanie 
610 2 0 |a zmluvy hospodárske 
610 2 0 |a obchod 
610 2 0 |a právo zmluvné 
610 2 0 |a právo občianske 
610 2 0 |a kúpa 
610 2 0 |a zmluvy komisionárske 
610 2 0 |a zmluvy o spolupráci 
610 2 0 |a zmluvy prepravné 
610 2 0 |a zmluvy obchodné 
610 2 0 |a zákonník práce 
610 2 0 |a zmluvy pracovné 
610 2 0 |a zmluvy kooperačné 
610 2 0 |a spoločnosti akciové 
610 2 0 |a právo hospodárske 
100 1 |a Nemeth, Věslav 
700 1 |a Pohl, Tomáš